000 00484nam a2200181Ia 4500
001 7655
005 20260306160511.0
008 260306t2025||||xx |||||||||||||| ||spa||
041 _aESP
082 _a353.46
_bV943
100 _aVieira Cervera, César,
_eAUT
245 0 _aCírculos de integridad :
_buna receta contra la corrupción desde el sector público
260 _c2025
300 _a311 páginas :
_c24 cm.
650 _aGEN
654 _aCAN
942 _cLIB
_dJUS
_fJUS
_2ddc
_n
999 _c7655
_d7655